| 000 | 00893cam a22002415a 4500 | ||
|---|---|---|---|
| 001 | L159735 | ||
| 008 | 150226s2017 xxk f 000 0 eng d | ||
| 035 | _a(Sirsi) u159735 | ||
| 041 | 0 | _aeng | |
| 100 | 1 |
_aHooper, Brendon _96168 |
|
| 245 | 0 | 0 | _aScience is golden |
| 260 | _c2017 | ||
| 490 |
_aModus _vOctober 2017, 32-33 (2) |
||
| 520 | _aDespite being designed to accommodate some pretty innovative technology, Liverpool's Sensor City is beautiful in its simplicity. Sensor City is just one part of the ongoing "Knowledge Quarter" development and it's a joint venture between the University of Liverpool and Liverpool John Moores Unversity. | ||
| 590 | _aKA | ||
| 650 | 2 | 4 | _aTECHNOLOGY CITY |
| 650 | 2 | 4 | _aSMART CITIES |
| 650 | 2 | 4 | _aTECHNOLOGY COMPANIES |
| 650 | 2 | 4 | _aINTERNET-OF-THINGS |
| 651 | 4 |
_aUnited Kingdom _y |
|
| 690 | _aBUILDING AND CONSTRUCTION-PROJECTS | ||
| 942 | _n0 | ||
| 999 |
_c84946 _d84946 |
||